000 00668nam a2200181 a 4500
001 BRCA_9158
005 20190321142936.0
008 270918s1687----gw-a######---#000-0#ger-#
041 _ager
044 _agw
050 4 _b.V57 1687
245 1 0 _aViridarii adriatici elysia, oder deß um den venetianischen Golfo florierenden Lust-Gartens schönes Lust-Hauß
_bso da ist, die in selbigem ligende weltberühmte, grosse Haupt-Statt und mächtige Republic Venedig, deroselben Ursprung ...
260 _aAugsburgo
_bJacob Enderlings Buchhandlers
_c1687
300 _a70 p.
_bil. 32 láminas, 15 h. plegables
_c16 cm.
500 _aCDE16
902 _aGFM
942 _2lcc
_cB
999 _c8805
_d8805